<?xml version="1.0" encoding="UTF-8"?>
<marc:record xmlns:marc="http://www.loc.gov/MARC21/slim">
   <marc:leader>00000nam a2200000 a 4500</marc:leader>
   <marc:datafield ind1="1" ind2=" " tag="100">
      <marc:subfield code="a">Ritter, Claudia</marc:subfield>
      <marc:subfield code="4">aut</marc:subfield>
      <marc:subfield code="e">Verfasser/-in</marc:subfield>
   </marc:datafield>
   <marc:datafield ind1=" " ind2=" " tag="653">
      <marc:subfield code="a">Softcover / Ratgeber/Gesundheit/Alternative Heilverfahren</marc:subfield>
   </marc:datafield>
   <marc:datafield ind1="0" ind2="0" tag="245">
      <marc:subfield code="a">Heilpflanzenkraft gegen Viren</marc:subfield>
   </marc:datafield>
   <marc:datafield ind1="0" ind2="0" tag="245">
      <marc:subfield code="b">Natürlich vorbeugen, Infekte behandeln, Abwehrkräfte stärken. Mit rund 100 Rezepten aus der Naturheilkunde</marc:subfield>
   </marc:datafield>
   <marc:datafield ind1="0" ind2="0" tag="245">
      <marc:subfield code="c">Claudia Ritter</marc:subfield>
   </marc:datafield>
   <marc:datafield ind1=" " ind2="1" tag="264">
      <marc:subfield code="b">Verlag Eugen Ulmer</marc:subfield>
      <marc:subfield code="c">2020</marc:subfield>
   </marc:datafield>
   <marc:datafield ind1="1" ind2=" " tag="520">
      <marc:subfield code="a">Angaben aus der Verlagsmeldung

Heilpflanzenkraft gegen Viren : Natürlich vorbeugen, Infekte behandeln, Abwehrkräfte stärken. Mit vielen Rezepten aus der Naturheilkunde

Die Naturheilkunde bietet eine Fülle von Heilpflanzen, Gewürzen und Wildkräutern, um sich sanft und nebenwirkungsfrei vor Angriffen und Infektionen durch Viren zu schützen. Die wirksamen Inhaltsstoffe der Pflanzen stimulieren die Abwehrzellen des Immunsystems, haben direkte antivirale Effekte oder hemmen die Vermehrung von Viren. Wie man die körpereigene Abwehr mit virenhemmenden Heilpflanzen stärken kann, zeigt dieser praktische Ratgeber. Die erfahrene Heilpraktikerin Claudia Ritter beschreibt Möglichkeiten zur Prophylaxe, zahlreiche Rezepte und die richtige Zubereitung von Tees, Tinkturen und anderen Anwendungen mit bewährten antiviralen Heilpflanzen wie Sonnenhut, Zistrose, Bärlauch und vielen mehr.
</marc:subfield>
   </marc:datafield>
   <marc:datafield ind1=" " ind2=" " tag="020">
      <marc:subfield code="a">9783818613204</marc:subfield>
      <marc:subfield code="9">9783818613204</marc:subfield>
   </marc:datafield>
   <marc:datafield ind1=" " ind2=" " tag="020">
      <marc:subfield code="a">3818613206</marc:subfield>
      <marc:subfield code="9">3818613206</marc:subfield>
   </marc:datafield>
   <marc:datafield ind1=" " ind2=" " tag="300">
      <marc:subfield code="a">128 Seiten</marc:subfield>
   </marc:datafield>
</marc:record>
